[Event "Lichtenrader Herbst"]
[Site "Berlin"]
[Date "2018.10.27"]
[Round "1.2"]
[White "Kuechler, Felix"]
[Black "Starostits, Ilmars"]
[Result "0-1"]
[WhiteElo "1781"]
[BlackElo "2454"]
[PlyCount "84"]
[EventDate "2018.??.??"]
[WhiteTeam "SV SF Friedrichshagen"]

1. e4 c6 2. d4 d5 3. Nc3 dxe4 4. Nxe4 Bf5 5. Ng3 Bg6 6. Nf3 Nd7 7. h4 h6 8. h5
Bh7 9. Bd3 Bxd3 10. Qxd3 Ngf6 11. Bd2 e6 12. O-O-O Bd6 13. Rde1 Bxg3 14. fxg3
Qc7 15. Ne5 Rd8 16. Qb3 O-O 17. Rh4 c5 18. g4 Nxe5 19. dxe5 Nh7 20. g5 hxg5 21.
Rg4 Rd4 22. Qh3 Rfd8 23. Rxd4 Rxd4 24. Qa3 b6 25. Qf3 Qd8 26. Bc3 Rd5 27. Rf1
Qe7 28. Rh1 b5 29. h6 g6 30. b3 b4 31. Bb2 g4 32. Qxg4 Qg5+ 33. Qxg5 Nxg5 34.
Rd1 Kh7 35. Rxd5 exd5 36. a3 bxa3 37. Bxa3 Ne6 38. Kd1 Kxh6 39. Ke2 Kg5 40. b4
cxb4 41. Bxb4 Kf4 42. Bd6 Kg3 0-1

[Event "Lichtenrader Herbst"]
[Site "Berlin"]
[Date "2018.10.27"]
[Round "1.3"]
[White "Shishkin, Vadim"]
[Black "Zhou, Qing"]
[Result "1-0"]
[WhiteElo "2453"]
[BlackElo "1793"]
[PlyCount "53"]
[EventDate "2018.??.??"]
[BlackTeam "Schachpinguine Berlin e.V."]

1. d4 Nf6 2. c4 e6 3. Nc3 d5 4. Nf3 Bb4 5. cxd5 Nxd5 6. Bd2 Bxc3 7. bxc3 O-O 8.
e4 Nb6 9. Bd3 f5 10. O-O Nc6 11. Re1 h6 12. a4 Na5 13. exf5 exf5 14. Re5 Nc6
15. Qb3+ Kh8 16. Re2 a5 17. Rae1 Qd6 18. Bc1 Qd5 19. c4 Nxd4 20. Nxd4 Qxd4 21.
Bb2 Qg4 22. Re7 Bd7 23. Rxg7 Qxg7 24. Bxg7+ Kxg7 25. c5 Nxa4 26. Re7+ Kf6 27.
Rxd7 1-0

[Event "Lichtenrader Herbst"]
[Site "Berlin, Germany"]
[Date "2018.10.27"]
[Round "1.4"]
[White "Baranovsky, Peter"]
[Black "Rakotomaharo, Fy Antenaina"]
[Result "0-1"]
[WhiteElo "1886"]
[BlackElo "2422"]
[PlyCount "78"]
[EventDate "2018.??.??"]

1. e4 c5 2. Nc3 Nc6 3. f4 g6 4. Nf3 Bg7 5. Bb5 Nd4 6. O-O a6 7. Be2 e6 8. d3
Ne7 9. Nb1 O-O 10. Nbd2 d6 11. c3 Nxe2+ 12. Qxe2 e5 13. fxe5 dxe5 14. Nc4 b5
15. Ne3 f5 16. exf5 gxf5 17. Nd1 Qd6 18. Nf2 Bb7 19. Bd2 Rae8 20. Rad1 Ng6 21.
Nh3 a5 22. Be3 b4 23. Qf2 Rc8 24. Nh4 f4 25. Bc1 Nxh4 26. Qxh4 Qg6 27. Qg5 Rc6
28. g3 Qf7 29. Nxf4 exf4 30. Rxf4 Rf6 31. Qxc5 bxc3 32. bxc3 Qxa2 33. Qc4+ Qxc4
34. Rxc4 Rf2 35. Bf4 Rg2+ 36. Kf1 Rxh2 37. Re1 Rh1+ 38. Kf2 Rxe1 39. Kxe1 Ra8
0-1

[Event "Lichtenrader Herbst"]
[Site "Berlin"]
[Date "2018.10.27"]
[Round "1.5"]
[White "Bruedigam, Martin"]
[Black "Hofmeister, Frank"]
[Result "1-0"]
[WhiteElo "2392"]
[BlackElo "1830"]
[PlyCount "67"]
[EventDate "2018.??.??"]
[WhiteTeam "SK König Tegel 1949 e.V."]
[BlackTeam "SV Mattnetz Berlin e.V."]

1. e4 c5 2. Nf3 Nc6 3. Bb5 g6 4. Bxc6 dxc6 5. d3 Bg7 6. h3 Qb6 7. Nc3 Nf6 8.
O-O O-O 9. Re1 Nd7 10. a3 Qc7 11. Be3 e5 12. Qd2 Rd8 13. Bh6 Bh8 14. b4 b6 15.
Be3 Qd6 16. Na4 cxb4 17. axb4 Bb7 18. Nb2 c5 19. Nc4 Qc7 20. Bg5 f6 21. Bh6 Bg7
22. b5 a5 23. bxa6 Rxa6 24. Bxg7 Kxg7 25. Rxa6 Bxa6 26. Ne3 Bb7 27. Ng4 Ra8 28.
Qh6+ Kg8 29. Nh4 Qd6 30. Qc1 b5 31. Qb2 Bc6 32. Nh6+ Kf8 33. Qb3 Ke7 34. N6f5+
1-0

[Event "Lichtenrader Herbst"]
[Site "Berlin"]
[Date "2018.10.27"]
[Round "1.6"]
[White "Rejniak, Zuzanna"]
[Black "Kurayan, Ruslan"]
[Result "1/2-1/2"]
[WhiteElo "1757"]
[BlackElo "2385"]
[PlyCount "57"]
[EventDate "2018.??.??"]
[WhiteTeam "VKS Czternastka"]
[BlackTeam "SF Gerresheim 86 e.V."]

1. e4 c5 2. Nf3 d6 3. d4 cxd4 4. Nxd4 Nf6 5. Nc3 g6 6. Be3 Bg7 7. f3 O-O 8. Qd2
Nc6 9. O-O-O Bd7 10. h4 Rc8 11. Be2 Qa5 12. Kb1 Ne5 13. g4 Be6 14. Nd5 Qxd2 15.
Nxe7+ Kh8 16. Rxd2 Rce8 17. h5 Nexg4 18. Nxe6 fxe6 19. Nxg6+ hxg6 20. hxg6+ Kg8
21. fxg4 Nxe4 22. Rdd1 d5 23. Bb5 Rd8 24. Rhf1 a6 25. Bd3 Ng3 26. Rg1 Rf3 27.
Bg5 Rc8 28. Rde1 Bd4 29. Rg2 1/2-1/2

[Event "Lichtenrader Herbst"]
[Site "Berlin"]
[Date "2018.10.27"]
[Round "1.7"]
[White "Stets, Dmitry"]
[Black "Sondermann, Jonathan"]
[Result "1-0"]
[WhiteElo "2373"]
[BlackElo "1762"]
[PlyCount "71"]
[EventDate "2018.??.??"]
[WhiteTeam "SF Gerresheim 86 e.V."]
[BlackTeam "SC Borussia Lichtenberg"]

1. e4 c5 2. Nc3 Nc6 3. Nge2 g6 4. d4 cxd4 5. Nxd4 Bg7 6. Be3 d6 7. Bc4 Nf6 8.
f3 O-O 9. Bb3 Bd7 10. h4 Rc8 11. Qd2 h5 12. O-O-O Ne5 13. Bh6 Kh7 14. Bxg7 Kxg7
15. Kb1 Nc4 16. Bxc4 Rxc4 17. Nde2 Rc5 18. Nf4 b5 19. Nd3 Rc4 20. e5 dxe5 21.
Nxe5 Rc7 22. Nd5 Nxd5 23. Qxd5 Qc8 24. Nxd7 Rd8 25. Qe5+ Kg8 26. Nf6+ exf6 27.
Qxf6 Rcd7 28. Rxd7 Qxd7 29. a3 Qd2 30. g4 Rc8 31. Rc1 hxg4 32. fxg4 Rc4 33. h5
Rxg4 34. Rf1 Qh6 35. Qxf7+ Kh8 36. Qe8+ 1-0

[Event "Lichtenrader Herbst"]
[Site "Berlin"]
[Date "2018.10.27"]
[Round "1.8"]
[White "Grozea, Filip"]
[Black "Biriukov, Nikolai"]
[Result "0-1"]
[WhiteElo "1604"]
[BlackElo "2363"]
[PlyCount "50"]
[EventDate "2018.??.??"]
[WhiteTeam "SV Mattnetz Berlin e.V."]
[BlackTeam "Bahn-SC Wuppertal"]

1. e4 c5 2. b3 Nc6 3. Bb2 e6 4. Nc3 Nf6 5. f4 d5 6. d3 d4 7. Nb1 e5 8. f5 Nxe4
9. dxe4 Qh4+ 10. Kd2 Qf4+ 11. Ke1 Qxe4+ 12. Qe2 Qxf5 13. Nf3 Be7 14. Na3 h5 15.
Kd2 e4 16. Re1 exf3 17. gxf3 O-O 18. Rg1 Bh4 19. Ra1 Ne5 20. Bg2 Bg5+ 21. Kd1
Bf4 22. Bc1 d3 23. cxd3 Nxd3 24. Bh3 Qd5 25. Kc2 Bxh3 0-1

[Event "Lichtenrader Herbst"]
[Site "Berlin"]
[Date "2018.10.27"]
[Round "1.9"]
[White "Florstedt, Johannes"]
[Black "Manz, Andreas"]
[Result "1-0"]
[WhiteElo "2310"]
[BlackElo "1807"]
[PlyCount "51"]
[EventDate "2018.??.??"]
[WhiteTeam "SF Berlin 1903 e.V."]
[BlackTeam "BSV 63 Chemie Weißensee"]

1. e4 c5 2. Nf3 d6 3. d4 cxd4 4. Nxd4 Nf6 5. Nc3 a6 6. Bg5 Nbd7 7. Bc4 e6 8.
Qe2 Qc7 9. O-O-O b5 10. Bd5 Bb7 11. Rhe1 b4 12. Bxb7 Qxb7 13. Nd5 Nxd5 14. exd5
e5 15. Nc6 h6 16. Bd2 a5 17. f4 Qa6 18. Qf3 Rc8 19. fxe5 dxe5 20. Nxe5 Nxe5 21.
Rxe5+ Be7 22. Rde1 Rc7 23. Qg3 Qc4 24. Rxe7+ Rxe7 25. Qb8+ Kd7 26. Qb7+ 1-0

[Event "Lichtenrader Herbst"]
[Site "Berlin"]
[Date "2018.10.27"]
[Round "1.10"]
[White "Jugert, Ole"]
[Black "Glantz, Robert"]
[Result "0-1"]
[WhiteElo "1741"]
[BlackElo "2285"]
[PlyCount "98"]
[EventDate "2018.??.??"]

1. d4 Nf6 2. c4 e6 3. Nc3 d5 4. cxd5 exd5 5. e3 c6 6. Bd3 Bd6 7. Qc2 O-O 8.
Nge2 Re8 9. Bd2 Nbd7 10. O-O Nb6 11. Ng3 g6 12. e4 Nxe4 13. Ncxe4 dxe4 14. Nxe4
Be7 15. Rfe1 Bf5 16. Rad1 Nd5 17. a3 Qc7 18. Nc3 Nxc3 19. Bxc3 Bxd3 20. Rxd3
Bf6 21. Rde3 Qd7 22. Qd2 Red8 23. Rd3 Qd5 24. Qf4 Kg7 25. Rf3 Rd6 26. Bd2 Qxd4
27. Qh6+ Kg8 28. Bc3 Qh4 29. Qxh4 Bxh4 30. g3 Bg5 31. h4 Bd2 32. Bxd2 Rxd2 33.
Re7 Rf8 34. Rxb7 a5 35. Rf6 Rc2 36. b4 Rc3 37. bxa5 Kg7 38. Rd6 Rxa3 39. Ra7
Rc8 40. Rdd7 Rf3 41. a6 Re8 42. Kf1 Re4 43. Rac7 Ra4 44. a7 Ra2 45. Rc8 Rfxf2+
46. Kg1 Rfc2 47. Rd1 Rxa7 48. Rcd8 Raa2 49. R8d6 c5 0-1

[Event "Lichtenrader Herbst"]
[Site "Berlin"]
[Date "2018.10.27"]
[Round "1.12"]
[White "Bergmann, Jens"]
[Black "Schmuecker, Marcus"]
[Result "0-1"]
[WhiteElo "1834"]
[BlackElo "2271"]
[PlyCount "88"]
[EventDate "2018.??.??"]
[WhiteTeam "SK Tempelhof 1931 e.V."]
[BlackTeam "SV Hemer 1932"]

1. e4 e6 2. Be2 d5 3. d3 c5 4. Nh3 Nc6 5. c3 g6 6. O-O Bg7 7. f4 Nge7 8. e5 b6
9. Na3 a6 10. Rb1 Bb7 11. Nf2 h5 12. Nc2 Nf5 13. Ne1 a5 14. Nf3 Qc7 15. a3 Bf8
16. Qe1 Be7 17. Nd1 b5 18. h4 b4 19. Ne3 Qb6 20. Nxf5 exf5 21. Be3 Kd7 22. Qf2
Rhc8 23. Rfc1 Nd8 24. Bd1 Ne6 25. Ba4+ Kd8 26. axb4 axb4 27. b3 bxc3 28. d4
cxd4 29. Nxd4 Nxd4 30. Bxd4 Bc5 31. Bxc5 Qxc5 32. Rc2 Qxf2+ 33. Kxf2 Ke7 34.
Ke3 d4+ 35. Kxd4 Be4 36. Rbc1 Bxc2 37. Rxc2 Rc7 38. Bb5 Rd8+ 39. Ke3 Rd2 40.
Rxd2 c2 41. Rxc2 Rxc2 42. Kf3 Rc3+ 43. Kf2 Rxb3 44. Bc4 Rb4 0-1

[Event "Lichtenrader Herbst"]
[Site "Berlin"]
[Date "2018.10.27"]
[Round "1.13"]
[White "Haugli, Petter"]
[Black "Schmidt, Florian Pascal"]
[Result "1-0"]
[WhiteElo "2238"]
[BlackElo "1681"]
[PlyCount "67"]
[EventDate "2018.??.??"]
[BlackTeam "BSV 63 Chemie Weißensee"]

1. c4 Nf6 2. Nc3 g6 3. e4 d6 4. d4 Bg7 5. Be2 O-O 6. Bg5 Nc6 7. d5 Ne5 8. Nf3
Nfd7 9. Qd2 c6 10. Nxe5 Nxe5 11. O-O Re8 12. Be3 c5 13. f4 Nd7 14. a3 Nf6 15.
h3 Qc7 16. Rad1 Bd7 17. b4 b6 18. Bf2 Rab8 19. b5 Rbd8 20. Bg3 Bc8 21. e5 Nd7
22. e6 Nf6 23. exf7+ Kxf7 24. Bf3 Bf5 25. Bh4 e5 26. dxe6+ Bxe6 27. Nd5 Bxd5
28. Bxd5+ Kf8 29. f5 Re5 30. fxg6 Qe7 31. gxh7 Rxd5 32. Qxd5 Qe3+ 33. Kh1 Ke7
34. Rde1 1-0

[Event "Lichtenrader Herbst"]
[Site "Berlin"]
[Date "2018.10.27"]
[Round "1.14"]
[White "Schauties, Nico Antonio"]
[Black "Hesse, Henrik"]
[Result "1-0"]
[WhiteElo "1863"]
[BlackElo "2272"]
[PlyCount "53"]
[EventDate "2018.??.??"]
[WhiteTeam "SV Mattnetz Berlin e.V."]
[BlackTeam "SV Mattnetz Berlin e.V."]

1. d4 Nf6 2. Nf3 e6 3. Bf4 d5 4. e3 c5 5. c3 Nc6 6. h3 Bd6 7. Bxd6 Qxd6 8. Nbd2
O-O 9. Bd3 Re8 10. O-O e5 11. dxe5 Nxe5 12. Nxe5 Rxe5 13. Nc4 Qe6 14. Nxe5 Qxe5
15. Qf3 Bd7 16. Rad1 Kh8 17. Qf4 Qe6 18. Rfe1 Rg8 19. g4 h5 20. Bf5 Qe7 21. g5
Nh7 22. Rxd5 Bc6 23. Bxh7 Kxh7 24. Re5 Qd6 25. Qxf7 Rf8 26. Qxh5+ Kg8 27. g6
1-0

[Event "Lichtenrader Herbst"]
[Site "Berlin"]
[Date "2018.10.27"]
[Round "1.15"]
[White "Polatel, Ali"]
[Black "Stein, Siegfried"]
[Result "1-0"]
[WhiteElo "2214"]
[BlackElo "1808"]
[PlyCount "63"]
[EventDate "2018.??.??"]
[WhiteTeam "SC Zugzwang 95 e.V."]
[BlackTeam "SV Berolina Mitte e.V."]

1. Nf3 g6 2. c4 Bg7 3. e4 d6 4. d4 Nf6 5. Nc3 O-O 6. Be2 e5 7. O-O Nc6 8. d5
Nd4 9. Nxd4 exd4 10. Qxd4 Ng4 11. Qd1 f5 12. exf5 gxf5 13. Bf4 Bd7 14. Qd2 Qf6
15. Rad1 Rae8 16. Rfe1 Qg6 17. Bf1 Be5 18. Ne2 Qh5 19. h3 Nf6 20. Ng3 Qg6 21.
f3 h5 22. h4 Rf7 23. Bxe5 dxe5 24. Qg5 Kg7 25. c5 Rfe7 26. d6 cxd6 27. Rxd6
Qxg5 28. hxg5 Nh7 29. Nxh5+ Kf8 30. g6 Ng5 31. Nf6 Rd8 32. Red1 1-0

[Event "Lichtenrader Herbst"]
[Site "Berlin"]
[Date "2018.10.27"]
[Round "1.16"]
[White "Hecht, Jonas Christian"]
[Black "Stigar, Petter"]
[Result "1/2-1/2"]
[WhiteElo "1712"]
[BlackElo "2190"]
[PlyCount "60"]
[EventDate "2018.??.??"]
[WhiteTeam "SC Kreuzberg e.V."]

1. c4 e6 2. Nc3 d5 3. e3 Nf6 4. Nf3 Be7 5. Be2 O-O 6. O-O c5 7. Re1 dxc4 8.
Bxc4 a6 9. d4 b5 10. Be2 Bb7 11. b3 Nc6 12. dxc5 Bxc5 13. Qxd8 Rfxd8 14. Bb2
Kf8 15. Red1 Ke8 16. Kf1 Rac8 17. Rac1 Bf8 18. Bd3 Nb4 19. Bb1 Rxd1+ 20. Rxd1
h6 21. Ne5 Nc6 22. Nxc6 Bxc6 23. f3 Nd5 24. Nxd5 Bxd5 25. e4 Bb7 26. Ke2 g6 27.
Rd2 Bb4 28. Rc2 Rxc2+ 29. Bxc2 h5 30. Ke3 Ke7 1/2-1/2

[Event "Lichtenrader Herbst"]
[Site "Berlin"]
[Date "2018.10.27"]
[Round "1.17"]
[White "Noetzel, Felix"]
[Black "Jansen, Robert"]
[Result "1-0"]
[WhiteElo "2216"]
[BlackElo "1751"]
[PlyCount "97"]
[EventDate "2018.??.??"]
[WhiteTeam "SF Berlin 1903 e.V."]
[BlackTeam "SC Kreuzberg e.V."]

1. e4 e5 2. Nf3 Nc6 3. d4 exd4 4. Bc4 Nf6 5. O-O Bc5 6. e5 d5 7. exf6 dxc4 8.
fxg7 Rg8 9. Re1+ Be6 10. Bg5 Be7 11. Bxe7 Qxe7 12. Nxd4 O-O-O 13. Nxc6 bxc6 14.
Qf3 Rxg7 15. Nc3 Qg5 16. g3 Bd5 17. Nxd5 cxd5 18. Qa3 Kb7 19. Qb4+ Kc8 20. Qc5
Kb7 21. Re7 Rc8 22. Qb5+ Ka8 23. Rae1 Rgg8 24. Qc6+ Kb8 25. R7e5 Qd2 26. Qb5+
Ka8 27. Qxd5+ Qxd5 28. Rxd5 Rb8 29. Rc5 Rxb2 30. Rxc4 Rc8 31. a4 c6 32. Re7 Rb7
33. Rxb7 Kxb7 34. Rh4 Rh8 35. Re4 Kb6 36. Re7 Rf8 37. Kf1 a5 38. Ke2 Kc5 39.
Rb7 h6 40. Kd3 f5 41. f4 Rd8+ 42. Kc3 Rd4 43. Rf7 Rxa4 44. Rxf5+ Kb6 45. Rh5 c5
46. f5 Kb5 47. Rh4 Rb4 48. f6 a4 49. f7 1-0

[Event "Lichtenrader Herbst"]
[Site "Berlin"]
[Date "2018.10.27"]
[Round "1.18"]
[White "Glienke, Michael"]
[Black "Bekasovs, Rihards"]
[Result "1/2-1/2"]
[WhiteElo "1795"]
[BlackElo "2182"]
[PlyCount "112"]
[EventDate "2018.??.??"]
[WhiteTeam "SC Kreuzberg e.V."]

1. d4 Nf6 2. Bf4 b6 3. e3 Bb7 4. Nf3 g6 5. Be2 Bg7 6. c4 c5 7. Nc3 cxd4 8. exd4
O-O 9. O-O d5 10. c5 Nfd7 11. Qb3 Nc6 12. Rfd1 Na5 13. Qb4 bxc5 14. dxc5 e6 15.
Nb5 e5 16. Nd6 exf4 17. Nxb7 Nxb7 18. Qxb7 Nxc5 19. Qxd5 Qxd5 20. Rxd5 Bxb2 21.
Rb1 Ba3 22. Nd4 Na4 23. Nb5 Be7 24. Rd7 Bc5 25. Bd1 Nb6 26. Rc7 Rfc8 27. Rc1
Rxc7 28. Nxc7 Rd8 29. Bb3 Bd6 30. Nb5 Bb8 31. f3 Kg7 32. Re1 Kf6 33. Nc3 h6 34.
Ne4+ Kg7 35. Nc3 Bd6 36. Nb5 Bc5+ 37. Kf1 a6 38. Nc7 a5 39. Re5 Bb4 40. Na6 Bc3
41. Re7 Rf8 42. Nc7 Kf6 43. Re4 Be5 44. Nd5+ Nxd5 45. Bxd5 Rc8 46. Rc4 Rd8 47.
Rc6+ Kg7 48. Rc5 Rb8 49. Bb3 a4 50. Bxa4 Rb1+ 51. Ke2 Bd4 52. Rc2 Kf6 53. Bb3
Be5 54. Kd3 Ke7 55. Kc4 f6 56. a4 Rb2 1/2-1/2

[Event "Lichtenrader Herbst"]
[Site "Berlin"]
[Date "2018.10.27"]
[Round "1.20"]
[White "Rehmsmeier, Marc"]
[Black "Schnabel, Ralf"]
[Result "0-1"]
[WhiteElo "1723"]
[BlackElo "2202"]
[PlyCount "92"]
[EventDate "2018.??.??"]
[WhiteTeam "SK International Berlin 2010"]
[BlackTeam "ESV Nickelhütte Aue"]

1. d4 f5 2. c4 Nf6 3. Nc3 d6 4. Nf3 g6 5. Bg5 Nbd7 6. g3 Bg7 7. Bg2 O-O 8. O-O
h6 9. Bd2 e5 10. e3 c6 11. Rb1 e4 12. Ne1 d5 13. b3 Rf7 14. Ne2 Nf8 15. Nc2 g5
16. c5 Ng6 17. b4 h5 18. a4 h4 19. h3 Be6 20. Kh2 Qc7 21. Qe1 Nh5 22. Kh1 Raf8
23. f4 exf3 24. Rxf3 Nf6 25. gxh4 Nxh4 26. Rf1 Ne4 27. Bxe4 dxe4 28. Qg3 Qxg3
29. Nxg3 Bd5 30. Nh5 Bh6 31. Be1 Nf3 32. Rd1 Kh7 33. Ng3 f4 34. Ne2 Bb3 35. Rc1
Kg6 36. Nc3 Kf5 37. Rxf3 exf3 38. e4+ Kg6 39. d5 Bg7 40. Na1 Bc4 41. d6 Rh8 42.
Nd1 Rxh3+ 43. Kg1 Bd4+ 44. Nf2 Rg3+ 45. Kh2 Rh7+ 46. Nh3 Rhxh3# 0-1

[Event "Lichtenrader Herbst"]
[Site "Berlin"]
[Date "2018.10.27"]
[Round "1.21"]
[White "Juhnke, Juergen"]
[Black "Fuchs, Joerg"]
[Result "1-0"]
[WhiteElo "2228"]
[BlackElo "1783"]
[PlyCount "63"]
[EventDate "2018.??.??"]
[WhiteTeam "HSK Lister Turm"]
[BlackTeam "SC Kreuzberg e.V."]

1. e4 e5 2. Nf3 d6 3. d4 exd4 4. Qxd4 Nc6 5. Bb5 Bd7 6. Bxc6 bxc6 7. Nc3 f6 8.
O-O Ne7 9. Qc4 Ng6 10. Nd4 Ne5 11. Qe2 g6 12. f4 Nf7 13. Qc4 Be7 14. Nxc6 Bxc6
15. Qxc6+ Kf8 16. Nd5 Rb8 17. b3 Kg7 18. Qxc7 Re8 19. Qxa7 Ra8 20. Qd4 Ra5 21.
Bb2 Nh6 22. a4 Ng8 23. b4 Ra8 24. b5 Qb8 25. b6 Bd8 26. a5 Qb7 27. Bc3 Re6 28.
Qc4 Rc8 29. Qb5 Rxe4 30. a6 Bxb6+ 31. Nxb6 Qa7 32. Qd7+ 1-0

[Event "Lichtenrader Herbst"]
[Site "Berlin"]
[Date "2018.10.27"]
[Round "1.22"]
[White "Baumeister, Wolfgang"]
[Black "Rahls, Peter"]
[Result "0-1"]
[WhiteElo "1747"]
[BlackElo "2239"]
[PlyCount "54"]
[EventDate "2018.??.??"]
[WhiteTeam "SC Kreuzberg e.V."]
[BlackTeam "SK Zehlendorf e.V."]

1. f4 Nf6 2. Nf3 b6 3. d3 d5 4. g3 Bb7 5. Bg2 Nbd7 6. O-O e6 7. e3 Bd6 8. b3
Qe7 9. Bb2 e5 10. Nh4 g6 11. Nd2 O-O-O 12. Re1 Rhe8 13. c4 Nc5 14. Ndf3 e4 15.
Ne5 Bxe5 16. fxe5 Nfd7 17. d4 Nd3 18. Re2 dxc4 19. bxc4 Nxb2 20. Rxb2 Nxe5 21.
Qa4 Nd3 22. Rb3 Kb8 23. c5 Qg5 24. cxb6 Qxe3+ 25. Kh1 Nf2+ 26. Kg1 Nh3+ 27. Kh1
Qg1+ 0-1

[Event "Lichtenrader Herbst"]
[Site "Berlin"]
[Date "2018.10.27"]
[Round "1.23"]
[White "Maetzkow, Maximilian Paul"]
[Black "Hohn, August"]
[Result "1-0"]
[WhiteElo "2193"]
[BlackElo "1807"]
[PlyCount "73"]
[EventDate "2018.??.??"]
[WhiteTeam "ESV 1949 Eberswalde e.V."]
[BlackTeam "SC Zugzwang 95 e.V."]

1. e4 c6 2. d4 d5 3. exd5 cxd5 4. Bd3 Nf6 5. h3 e6 6. Nf3 Be7 7. O-O O-O 8. Bf4
b6 9. Qe2 Bb7 10. Nbd2 Nc6 11. c3 Rc8 12. Rfe1 g6 13. Ne5 Nxe5 14. Bxe5 Bd6 15.
Nf3 Ne4 16. Rad1 Re8 17. Bxd6 Nxd6 18. Ne5 Kg7 19. Qe3 f6 20. Ng4 Nf7 21. f4
Qd7 22. Rd2 h5 23. Nh2 Nd6 24. g4 hxg4 25. Nxg4 Nf5 26. Qf2 Rh8 27. Rde2 Rce8
28. Qg2 Bc8 29. Ne3 Kf7 30. Nxf5 gxf5 31. Kh2 Reg8 32. Qf3 Qc7 33. Rg2 Rg5 34.
Reg1 Rh4 35. Rxg5 fxg5 36. Rxg5 Rxf4 37. Qh5+ 1-0

[Event "Lichtenrader Herbst"]
[Site "Berlin"]
[Date "2018.10.27"]
[Round "1.24"]
[White "Schindler, Rudolf"]
[Black "Wierzbicki, Jirawat"]
[Result "0-1"]
[WhiteElo "1804"]
[BlackElo "2199"]
[PlyCount "75"]
[EventDate "2018.??.??"]
[WhiteTeam "SG Lasker Stegli"]
[BlackTeam "SK König Tegel 1949 e.V."]

1. Nf3 d5 2. c4 dxc4 3. Qa4+ Nc6 4. Qxc4 e5 5. Nc3 Bd6 6. Ne4 Be6 7. Nxd6+ cxd6
8. Qb5 Nge7 9. e4 O-O 10. a3 Na5 11. b4 Nb3 12. Rb1 Qc7 13. Bb2 a6 14. Qd3 Ng6
15. g3 Qe7 16. Qe3 h6 17. Be2 a5 18. Bc3 a4 19. h4 Qc7 20. h5 Ne7 21. g4 f6 22.
d4 Rac8 23. Bb2 exd4 24. Nxd4 Nxd4 25. Bxd4 Qd7 26. f3 Rfe8 27. Bd1 d5 28. Bc5
dxe4 29. fxe4 Bxg4 30. Bxg4 Qxg4 31. Rg1 Qxh5 32. Rd1 Ng6 33. Rd5 Re5 34. Rxe5
Nxe5 35. Qe2 Qh3 36. Qa2+ Kh7 37. Rg2 Rd8 38. Rh2 0-1

[Event "Lichtenrader Herbst"]
[Site "Berlin"]
[Date "2018.10.27"]
[Round "1.25"]
[White "Niehaus, Frank"]
[Black "Ibrahim, Kinan"]
[Result "1-0"]
[WhiteElo "2195"]
[BlackElo "1601"]
[PlyCount "49"]
[EventDate "2018.??.??"]
[WhiteTeam "SK König Tegel 1949 e.V."]
[BlackTeam "SVG Läufer Reinickendorf e.V."]

1. e4 e5 2. Nf3 Nc6 3. Bb5 Nf6 4. O-O Bc5 5. c3 d6 6. d4 Bb6 7. d5 O-O 8. dxc6
Nxe4 9. Be3 Bxe3 10. fxe3 f5 11. Qd5+ Kh8 12. cxb7 Bxb7 13. Qxb7 Rb8 14. Qc6
Rb6 15. Qc4 Qb8 16. Bc6 Nc5 17. b4 Rxc6 18. bxc5 Rxc5 19. Qe6 Re8 20. Qd7 Rd8
21. Qxf5 Rf8 22. Qe4 Qb5 23. Nbd2 d5 24. Qxe5 h6 25. Nd4 1-0

[Event "Lichtenrader Herbst"]
[Site "Berlin"]
[Date "2018.10.27"]
[Round "1.26"]
[White "Ho, Ngoc Hai-Dang"]
[Black "Kather, Yannick"]
[Result "0-1"]
[WhiteElo "1678"]
[BlackElo "2136"]
[PlyCount "78"]
[EventDate "2018.??.??"]
[WhiteTeam "SV Mattnetz Berlin e.V."]
[BlackTeam "SC Weisse Dame e.V."]

1. e4 c5 2. Nf3 Nc6 3. d4 cxd4 4. Nxd4 g6 5. Nc3 Bg7 6. Be3 Nf6 7. Bc4 Qa5 8.
f3 O-O 9. Qd2 Qb4 10. Nxc6 bxc6 11. Bb3 d5 12. exd5 cxd5 13. Nxd5 Nxd5 14. Bxd5
Qxb2 15. O-O Ba6 16. Rab1 Qe5 17. Bxa8 Bxf1 18. Be4 Bc4 19. Bxa7 Bxa2 20. Rd1
Qc7 21. Qd7 Qxd7 22. Rxd7 f5 23. Bd3 Kf7 24. Bb5 Rc8 25. Ba4 Ra8 26. Bb5 Rxa7
27. Rxa7 Bd4+ 28. Kf1 Bxa7 29. c4 Ke6 30. Ke2 Kd6 31. Kd3 Bb1+ 32. Kc3 f4 33.
Be8 Bg1 34. h3 Kc5 35. Bf7 Bd4+ 36. Kb3 Bd3 37. Bg8 h6 38. Bf7 g5 39. Be6 Bf1
0-1

[Event "Lichtenrader Herbst"]
[Site "Berlin"]
[Date "2018.10.27"]
[Round "1.27"]
[White "Kornitzky, Tino"]
[Black "Cirkovic, Rade"]
[Result "1-0"]
[WhiteElo "2189"]
[BlackElo "1894"]
[PlyCount "41"]
[EventDate "2018.??.??"]
[WhiteTeam "FC Bayern München e.V."]
[BlackTeam "SC Schwarz-Weiß Lichtenrade e.V."]

1. d4 d5 2. c4 c6 3. cxd5 cxd5 4. Bf4 Nf6 5. e3 e6 6. Nc3 a6 7. Bd3 Bd6 8. Bxd6
Qxd6 9. f4 Nc6 10. Nf3 O-O 11. O-O Ne7 12. Ne5 Ng6 13. Rf3 Rd8 14. Rh3 b5 15.
g4 b4 16. g5 bxc3 17. gxf6 gxf6 18. Qh5 fxe5 19. Bxg6 fxg6 20. Qxh7+ Kf8 21.
Qh8+ 1-0

[Event "Lichtenrader Herbst"]
[Site "Berlin"]
[Date "2018.10.27"]
[Round "1.28"]
[White "Zhou, Lepu Coco"]
[Black "Lachmann, Utz"]
[Result "0-1"]
[WhiteElo "1617"]
[BlackElo "2191"]
[PlyCount "68"]
[EventDate "2018.??.??"]
[WhiteTeam "Schachpinguine Berlin e.V."]
[BlackTeam "SF Berlin 1903 e.V."]

1. e4 d6 2. d4 Nf6 3. Nc3 g6 4. f4 Bg7 5. Nf3 O-O 6. Be2 c5 7. d5 b5 8. Bxb5
Nxe4 9. Nxe4 Qa5+ 10. Bd2 Qxb5 11. Nc3 Qb7 12. O-O Bf5 13. Nh4 Qd7 14. Nxf5
Qxf5 15. g4 Qd7 16. f5 Na6 17. Bg5 Rab8 18. f6 exf6 19. Bxf6 Rb4 20. h3 Bxf6
21. Rxf6 h5 22. Qe2 Nc7 23. Ne4 Qe7 24. c4 Nxd5 25. Rxd6 Nf4 26. Qe3 Nxh3+ 27.
Kg2 Rxb2+ 28. Kxh3 hxg4+ 29. Kg3 Qe5+ 30. Qf4 Rg2+ 31. Kxg2 Qxf4 32. Re1 Kg7
33. Rf6 Qe5 34. Rc6 Rh8 0-1

[Event "Lichtenrader Herbst"]
[Site "Berlin"]
[Date "2018.10.27"]
[Round "1.29"]
[White "Roehr, Tobias"]
[Black "Hecht, Uwe"]
[Result "1-0"]
[WhiteElo "2190"]
[BlackElo "1756"]
[PlyCount "49"]
[EventDate "2018.??.??"]
[WhiteTeam "SG Aufbau Elbe Magdeburg"]
[BlackTeam "SC Kreuzberg e.V."]

1. d4 c5 2. d5 d6 3. c4 g6 4. e4 Bg7 5. Bd3 e5 6. Nc3 Ne7 7. Nge2 O-O 8. O-O f5
9. f4 Na6 10. fxe5 Bxe5 11. Bh6 Rf7 12. a3 Nc7 13. Qd2 Ne8 14. Qg5 Bf6 15. Qg3
Ng7 16. Rae1 Be5 17. Qg5 Bf6 18. Qd2 a6 19. Ng3 fxe4 20. Ncxe4 Bd4+ 21. Be3
Bxe3+ 22. Qxe3 Ngf5 23. Qg5 Qf8 24. Nxf5 Nxf5 25. g4 1-0

[Event "Lichtenrader Herbst"]
[Site "Berlin"]
[Date "2018.10.27"]
[Round "1.30"]
[White "Rausch, Erik"]
[Black "Cusnariov, Nikolai"]
[Result "0-1"]
[WhiteElo "1696"]
[BlackElo "2165"]
[PlyCount "70"]
[EventDate "2018.??.??"]
[WhiteTeam "SC Kreuzberg e.V."]
[BlackTeam "USV Potsdam e.V., Abt. Schach"]

1. d4 Nf6 2. c4 c5 3. d5 b5 4. e3 d6 5. Nf3 g6 6. b3 Bg7 7. Bb2 bxc4 8. bxc4
Nbd7 9. Nbd2 Rb8 10. Qc2 O-O 11. Bd3 Rxb2 12. Qxb2 Nxd5 13. Qc1 Nb4 14. Ke2
Bxa1 15. Qxa1 Nf6 16. Bb1 Nc6 17. h3 Be6 18. Qc3 Qd7 19. Rd1 Rb8 20. a3 Qc7 21.
Ng5 Qc8 22. Nde4 Nxe4 23. Bxe4 Ne5 24. Nxe6 Qxe6 25. Bd5 Qf6 26. Rc1 Nd7 27.
Qxf6 Nxf6 28. Rc2 Rb3 29. a4 Kg7 30. Bc6 a5 31. f3 Kf8 32. g4 h5 33. g5 Ne8 34.
h4 Ng7 35. e4 Ne6 0-1